| 000 | 00728nam a22002177a 4500 | ||
|---|---|---|---|
| 999 |
_c11443 _d11443 |
||
| 003 | AR-CdUCM | ||
| 008 | 190404b ||||| |||| 00| 0 spa d | ||
| 040 |
_aMUNICIPALIDAD PROVINCIAL DEL CUSCO _cBIBLIOTECA MUNICIPAL DEL CUSCO |
||
| 082 |
_aC / 398.56 / _bL96 |
||
| 100 |
_aLuna, Lizandro _916131 |
||
| 245 | _aZampoñas del Kollao / | ||
| 260 |
_aPuno : _bLos Andes, _c1975. |
||
| 300 |
_a110 páginas ; _bimágenes, _c21 cm. |
||
| 505 | _aContenido: Nota liminar -- Zampoñas del Kollao -- El novenante -- La Saraqquena -- El chaco del Zorro -- El Kallamacho... | ||
| 650 |
_aFolklore. _91081 |
||
| 650 |
_aKollao. _928810 |
||
| 650 |
_aPuno. _93897 |
||
| 650 |
_aCostumbres. _9230 |
||
| 942 |
_2ddc _cLIBROS |
||
| 945 | _awfj | ||